000 00648nab a2200193 4500
001 244442
003 OSt
005 20251117143408.0
007 tu
008 200917s2020|||||||
040 _aDE-2950
_cDE-2950
245 0 0 _aMit dem Bus bis zum Basar
_bMobilität Frankfurt testet neue Haltestellen und einen dichteren Takt für die Linie 983 nach Slubice. Die Finanzierung bereitet allerdings weiter Probleme/.
_cThomas Gutke
264 _c2025
653 _aFrankfurt (Oder)
653 _aBuslinie 983
653 _aNeuerungen
773 0 _g36. Jahrgang (2025) Nr. 266 vom 15.11.2025, S. 15 mit Foto
_tMärkische Oderzeitung
942 _2z
_cA
999 _c374118
_d374118